| 000 | 00817nas a2200265 4500 | ||
|---|---|---|---|
| 001 | BR0002523 | ||
| 003 | BR-BrBNA | ||
| 005 | 20231205101845.0 | ||
| 007 | ta | ||
| 008 | 230509b bl.|||p| |||| 00| 00por d | ||
| 040 |
_aBR-BrBNA _bpor _cBiblioteca Nacional de Agricultura |
||
| 041 | _a(Pt) | ||
| 072 | _aL53 | ||
| 100 | 1 | _aDode, M.A.N. | |
| 100 | 1 | _aRodovalho, N.C. | |
| 100 | 1 | _aUeno, V.G. | |
| 100 | 1 | _aAlves, R.G. de O. | |
| 245 | 1 | _aEfeito do tamanho do foliculo na maturacao nuclear e citoplasmatica de ovocitos de femeas zebuinas | |
| 650 | _aBovino | ||
| 650 | _aAparelho Reprodutor | ||
| 650 | _aCitologia | ||
| 773 | 0 |
_tPesquisa Agropecuaria Brasileira (Brazil) _xISSN 0100-204X _g(Jan 2000), v. 35(1) p. 207-214 _wBR0002523 |
|
| 909 |
_a202311 _bLúcia _c55 _dLúcia Elande |
||
| 942 |
_2AGRIS _n0 _cANA |
||
| 999 |
_c164350 _d164350 |
||